000 00377nam a2200121Ia 4500
008 200918s9999 xx 000 0 und d
020 _a978-621-418-037-0
100 _aPelayo, Jose Maria G.
245 _cJose Maria G. Pelayo III
_aIntroduction to psychology/
260 _aManila:
_bWiseman's Books Trading Inc.
_c2018
300 _aii, 130 pages
_c22 cm.
650 _aPsychology
999 _c364278
_d364278